[Event "Budapest FS03 GM"]
[Site "Budapest"]
[Date "1994.??.??"]
[Round "8"]
[White "Anka, Emil"]
[Black "Loginov, Valery A"]
[Result "1/2-1/2"]
[WhiteElo "2390"]
[BlackElo "2540"]

1.e4 c5 2.Nf3 d6 3.d4 cxd4 4.Nxd4 Nf6 5.Nc3 a6 6.Be3 e5 7.Nb3 Be6 8.f3 Be7
9.Qd2 O-O 10.O-O-O a5 11.a4 Nc6 12.Qf2 Qc8 13.g4 Nb4 14.g5 Nh5 15.Kb1 f5
16.gxf6 Nxf6 17.Qg2 d5 18.Bh6 Rf7 19.Rg1 Bf8 20.exd5 Nfxd5 21.Ne4 Nf4 22.Bxf4 Rxf4
23.Nbc5 Ba2+ 24.Ka1 Bf7 25.Rd7 Bg6 26.Qh3 Nxc2+ 27.Kb1 Na3+ 28.bxa3 Qxc5
29.Rxg6 Rxe4 30.fxe4 Rc8 31.Qe6+ Kh8 32.Bc4 Qxc4 33.Qxc4 Rxc4 34.Rg5 Rxe4
35.Rd8 Rf4 36.Rxe5 b6 37.Re6 Kg8 38.Rxb6 Rxa4 39.Kb2 Rh4 40.Rd2 h6 41.Rb5 a4
42.Rb8 Rf4 43.Rbd8 g5 44.R2d3 Kg7 45.h3 Kg6 46.Kc2 h5 47.Kd2 g4 48.hxg4 hxg4
49.R8d5 Rf2+ 50.Ke1 Ra2 51.Rg3 Rxa3 52.Rxg4+ Kf6 53.Rf4+ Ke6 54.Ra5 Bd6 55.Re4+ Kd7
56.Rd4 Kc7 57.Raxa4 Rxa4 58.Rxa4 Kc6 59.Ke2 Kc5 60.Kd3 Bg3 61.Rc4+ Kb5 62.Kd4 Kb6
63.Kd5 Kb7 64.Rg4 Bf2 65.Kd6 Be3 66.Rb4+ Ka8 67.Kc7 Ba7 68.Kc6 Bf2 69.Ra4+  1/2-1/2

[Event "Budapest Spring op"]
[Site "Budapest"]
[Date "1994.??.??"]
[Round "8"]
[White "Sawatzki, Frank"]
[Black "Leroy, Adrien"]
[Result "0-1"]
[WhiteElo "2265"]
[BlackElo "2340"]

1.e4 c5 2.Nf3 d6 3.d4 cxd4 4.Nxd4 Nf6 5.Nc3 a6 6.Be3 e6 7.Be2 b5 8.Bf3 b4
9.e5 dxe5 10.Bxa8 exd4 11.Bf4 bxc3 12.bxc3 Bd6 13.Qxd4 Bc7 14.Bxc7 Qxc7 15.O-O O-O
16.Rfd1 Bd7 17.Rab1 Nc6 18.Bxc6 Bxc6 19.Qb6 Qc8 20.Rd6 Bb5 21.a4 Bxa4 22.Qxa6 Bxc2
23.Qxc8 Rxc8 24.Rc6 Re8 25.Rc1 Be4 26.Rd6 Rc8 27.c4 Bd5 28.c5 Kf8 29.f3 Ke7
30.Ra6 Rc7 31.h4 Nd7 32.Ra5 Ne5 33.Kh2 Nc4 34.Rb5 Kd7 35.Rb8 Kc6 36.Rh8 h6
37.Rb1 Kxc5 38.Rbb8 e5 39.Rbc8 Rxc8 40.Rxc8+ Kd4 41.Rg8 g6 42.h5 gxh5 43.Rf8 Ke3
44.Rh8 Kf2 45.Rxh6 Ne3 46.Rxh5 f6 47.Rh6 Nxg2 48.Rxf6 Bxf3 49.Kh3 e4 50.Rf8 e3
51.Re8 e2  0-1

[Event "Budapest FS02 GM"]
[Site "Budapest"]
[Date "1994.??.??"]
[Round "11"]
[White "Kalesis, Nikolaos"]
[Black "Dao Thien Hai"]
[Result "0-1"]
[WhiteElo "2415"]
[BlackElo "2495"]

1.e4 c5 2.Nf3 d6 3.d4 cxd4 4.Nxd4 Nf6 5.Nc3 a6 6.Be3 e5 7.Nf3 Be7 8.Bc4 O-O
9.O-O Nc6 10.Qe2 Na5 11.Bd5 Be6 12.Rfd1 Qc8 13.Bg5 Qc7 14.Bxf6 Bxf6 15.Bb3 Rac8
16.Ne1 Bg5 17.Nd5 Qd8 18.c3 Nxb3 19.axb3 g6 20.Nc2 f5 21.b4 Kh8 22.f3 Bh6
23.b5 fxe4 24.Qxe4 axb5 25.Ncb4 Rc4 26.Qe2 Qg5 27.Ra7 Rxb4 28.Nxb4 Bc4 29.Qf2 e4
30.f4 Qc5 31.Qxc5 dxc5 32.Nd5 Bb3 33.Ne3 Bxd1 34.Nxd1 Bxf4 35.Rxb7 Rd8 36.Nf2 e3
37.Nh3 Rd1+  0-1

[Event "BUL-ch"]
[Site "BUL"]
[Date "1994.??.??"]
[Round "7"]
[White "Dochev, Dimitar"]
[Black "Petrov, Marijan"]
[Result "1/2-1/2"]
[WhiteElo "2395"]
[BlackElo "2400"]

1.e4 c5 2.Nf3 d6 3.d4 cxd4 4.Nxd4 Nf6 5.Nc3 a6 6.Be3 e5 7.Nf3 h6 8.Bc4 Nbd7
9.O-O b5 10.Bd5 Nxd5 11.Nxd5 Rb8 12.Qd3 Nf6 13.Nxf6+ Qxf6 14.a4 Be7 15.axb5 axb5
16.Bd2 O-O 17.Bb4 Bb7 18.Rfe1 Qe6 19.Rad1 Rfd8 20.Ba5 Rdc8 21.c3 Qb3 22.Qb1 Bf8
23.Bb4 Qe6 24.Qd3 Rd8 25.Ba5 Rdc8 26.Bb4 Rd8 27.Ba5 Re8 28.h3 g6 29.Bb4 Bc6
30.Nh2 Rbd8 31.Ng4 f5 32.exf5 gxf5 33.Ne3 e4 34.Qd2 f4 35.Nd5 f3 36.Rxe4 Qxd5
37.Rg4+ Kh8 38.Qxd5 Bxd5 39.Rxd5 Re1+ 40.Kh2 Re2 41.gxf3 Rxf2+ 42.Kg3 Rxb2
43.Rxb5 d5 44.Rb6 d4 45.Rbg6 Rxb4 46.cxb4 Kh7 47.Rc6 Bxb4 48.Rc7+ Kh8 49.Rc1 Bd2
50.Rd1 Be3 51.f4 Kh7 52.Kf3 Rf8 53.Ke4 Re8+ 54.Kd3 Rf8 55.Ke4 Re8+ 56.Kd3 Rf8
57.Rf1 h5 58.Rg5 Kh6 59.Rd5 Rxf4 60.Rxf4 Bxf4 61.Rxd4 Kg5 62.Ke4 Bg3 63.Rd5+ Kg6
64.Rf5 h4 65.Rf3 Kg5 66.Kd5 Bh2 67.Ke6 Bf4 68.Rf1 Bg3 69.Rf5+ Kg6 70.Rb5 Bh2
71.Rb4 Bg3 72.Rg4+ Kh6 73.Kf6 Kh7 74.Kf7 Kh6 75.Rg6+ Kh7 76.Rg7+ Kh6 77.Kg8 Be1  1/2-1/2

[Event "Cannes op"]
[Site "Cannes"]
[Date "1994.??.??"]
[Round "7"]
[White "Korneev, Oleg"]
[Black "Renet, Olivier"]
[Result "0-1"]
[WhiteElo "2500"]
[BlackElo "2485"]

1.e4 c5 2.Nf3 d6 3.d4 cxd4 4.Nxd4 Nf6 5.Nc3 a6 6.Be3 e5 7.Nf3 Be7 8.Bc4 O-O
9.O-O Nc6 10.a3 Be6 11.Qd3 b5 12.Ba2 Na5 13.Nd2 Rc8 14.Bg5 Nh5 15.Be3 Qc7
16.Rac1 Nc4 17.Nxc4 bxc4 18.Qd2 Qb7 19.b4 f5 20.exf5 Rxf5 21.Rcd1 Nf6 22.Bg5 Kh8
23.Bxf6 gxf6 24.Nd5 Rg5 25.c3 Bh3 26.g3 Bxf1 27.Kxf1 f5 28.Nxe7 Qxe7 29.Qxd6 Qe8  0-1

[Event "Cappelle op"]
[Site "Cappelle la Grande"]
[Date "1994.??.??"]
[Round "2"]
[White "Degraeve, Jean Marc"]
[Black "Brustman, Agnieszka"]
[Result "1-0"]
[WhiteElo "2480"]
[BlackElo "2345"]

1.e4 c5 2.Nf3 d6 3.d4 cxd4 4.Nxd4 Nf6 5.Nc3 a6 6.Be3 e5 7.Nf3 Qc7 8.a4 Be7
9.a5 Be6 10.Be2 Nbd7 11.O-O Rc8 12.Nd5 Qc6 13.c4 Nxe4 14.Nd2 Nxd2 15.Qxd2 Nf6
16.Bd1 Ne4 17.Qe1 Nc5 18.b4 Nd3 19.Qd2 Qxc4 20.Ba4+ Rc6 21.Nb6 Qe4 22.f3 Qg6
23.Ra3 e4 24.fxe4 Ne5 25.Bd4 Qxe4 26.Re3 Qh4 27.Bxe5 dxe5 28.Nd5 Bg5 29.Bxc6+ bxc6
30.Nc7+ Ke7 31.Nxe6 fxe6 32.Kh1 Bxe3 33.Qxe3 Qd4 34.Qg5+ Kd6 35.Qxg7 Re8
36.h3 Re7 37.Qf8 Kd7 38.Qb8 Qd3 39.Rf8  1-0

[Event "Cappelle op"]
[Site "Cappelle la Grande"]
[Date "1994.??.??"]
[Round "3"]
[White "Lanka, Zigurds"]
[Black "Petkevich, Jusefs"]
[Result "1/2-1/2"]
[WhiteElo "2535"]
[BlackElo "2445"]

1.e4 c5 2.Nf3 d6 3.d4 cxd4 4.Nxd4 Nf6 5.Nc3 a6 6.Be3 e5 7.Nb3 Be6 8.f3 d5
9.exd5 Nxd5 10.Nxd5 Qxd5 11.Qxd5 Bxd5 12.O-O-O Bxb3 13.axb3 Nc6 14.Bd3 O-O-O
15.Bb6 Rd6 16.Bf5+ Kb8 17.Rxd6 Bxd6 18.Rd1 Nd4 19.Bxd4 exd4 20.Rxd4 Bxh2
21.f4 g6 22.Bg4 Re8 23.Kd2 f5 24.Bf3 Re7  1/2-1/2

[Event "Cappelle op"]
[Site "Cappelle la Grande"]
[Date "1994.??.??"]
[Round "7"]
[White "Frolov, Artur"]
[Black "Rytshagov, Mikhail"]
[Result "1-0"]
[WhiteElo "2525"]
[BlackElo "2470"]

1.e4 c5 2.Nf3 d6 3.d4 cxd4 4.Nxd4 Nf6 5.Nc3 a6 6.Be3 e6 7.f3 b5 8.g4 h6 9.h4 Bb7
10.Rh3 Nc6 11.Qd2 Nxd4 12.Bxd4 e5 13.Bf2 d5 14.g5 b4 15.gxf6 bxc3 16.Qxc3 gxf6
17.O-O-O d4 18.Qb3 Qc7 19.Rg3 Bc6 20.Qc4 Qb7 21.f4 Bxe4 22.Rb3 Qc6 23.Re1 Qxc4
24.Bxc4 f5 25.Bd3 O-O-O 26.Bxe4 fxe4 27.Rxe4 exf4 28.Rxf4 h5 29.Rxf7 Bh6+
30.Kd1 Rhf8 31.Rxf8 Rxf8 32.Bxd4 Rf1+ 33.Ke2 Rc1 34.Rc3+ Kb7 35.Be3 Bxe3
36.Kxe3 Rh1 37.Rc4 Rh3+ 38.Kf2  1-0

[Event "Cappelle op"]
[Site "Cappelle la Grande"]
[Date "1994.??.??"]
[Round "8"]
[White "Rytshagov, Mikhail"]
[Black "Banikas, Hristos"]
[Result "1-0"]
[WhiteElo "2470"]
[BlackElo "2300"]

1.e4 c5 2.Nf3 d6 3.d4 cxd4 4.Nxd4 Nf6 5.Nc3 a6 6.Be3 e6 7.f3 b5 8.g4 h6 9.Qd2 Nbd7
10.O-O-O Bb7 11.h4 b4 12.Nce2 d5 13.Bh3 Qa5 14.Kb1 dxe4 15.g5 hxg5 16.hxg5 exf3
17.Ng3 Nd5 18.g6 Rxh3 19.Rxh3 O-O-O 20.gxf7 Ne5 21.Nxe6 Nc3+ 22.Qxc3+ bxc3
23.Rxd8+ Qxd8 24.Nxd8 Kxd8 25.Rh8 Ng6 26.Rxf8+ Nxf8 27.Bc5 Bd5 28.Bxf8 g6
29.Bb4 Bxf7 30.Bxc3 Kd7 31.Bd4 Kd6 32.b3 Kd5 33.Be3 Be8 34.c4+ Kd6 35.Kb2 Bc6
36.Kc3 Bd7 37.Kd4 Bc6 38.Bf4+ Ke6 39.Kc5 Kd7 40.Kb6 f2 41.Be3 Be4 42.c5  1-0

[Event "Cappelle"]
[Site "Cappelle la Grande"]
[Date "1994.??.??"]
[Round "9"]
[White "Lanka, Zigurds"]
[Black "Degraeve, Jean Marc"]
[Result "1-0"]
[WhiteElo "2540"]
[BlackElo "2460"]

1.e4 c5 2.Nf3 d6 3.d4 cxd4 4.Nxd4 Nf6 5.Nc3 a6 6.Be3 Ng4 7.Bg5 h6 8.Bh4 g5
9.Be2 Bg7 10.Bg3 h5 11.Bxg4 hxg4 12.O-O Nc6 13.Nf5 Bxf5 14.exf5 Qa5 15.Nd5 Be5
16.Bxe5 Nxe5 17.b4 Qd8 18.c4 f6 19.b5 Kf8 20.Re1 Qd7 21.Nb6 Qxf5 22.Rxe5 dxe5
23.Nxa8 Kg7 24.Nc7 Qh7 25.h3 gxh3 26.Ne6+  1-0

[Event "CZE-ch"]
[Site "?"]
[Date "1994.??.??"]
[Round "3"]
[White "Svatos, Jan"]
[Black "Hausner, Ivan"]
[Result "1-0"]
[WhiteElo "2280"]
[BlackElo "2480"]

1.e4 c5 2.Nf3 d6 3.d4 cxd4 4.Nxd4 Nf6 5.Nc3 a6 6.Be3 e6 7.f3 b5 8.Qd2 Bb7
9.g4 h6 10.O-O-O Nbd7 11.h4 d5 12.Bh3 e5 13.g5 b4 14.Nxd5 Nxd5 15.exd5 exd4
16.Bxd4 Qa5 17.Rhe1+ Kd8 18.Qe3 Bd6 19.gxh6 Kc7 20.hxg7 Rxh4 21.Bxd7 Kxd7
22.Be5 Re8 23.g8=Q Rxg8 24.Bxd6 Qd8 25.Be7  1-0

[Event "CZE-ch"]
[Site "?"]
[Date "1994.??.??"]
[Round "8"]
[White "Rasik, Vitezslav"]
[Black "David, Pavel"]
[Result "1-0"]
[WhiteElo "2425"]
[BlackElo "2425"]

1.e4 c5 2.Nf3 d6 3.d4 cxd4 4.Nxd4 Nf6 5.Nc3 a6 6.Be3 e6 7.f3 b5 8.g4 Bb7
9.Qd2 Nfd7 10.a4 bxa4 11.Be2 Be7 12.O-O O-O 13.Rxa4 Nb6 14.Ra2 Qc7 15.Rfa1 d5
16.exd5 Nxd5 17.Nxd5 Bxd5 18.c4 Bb7 19.Qa5 Qc8 20.b4 Rd8 21.Rd1 Nc6 22.Nxc6 Rxd1+
23.Bxd1 Qxc6 24.Be2 f5 25.g5 f4 26.Bd4 Bd6 27.Qa4 Qc7 28.c5 Be7 29.Qb3 Qc6
30.Bc4 Bxg5 31.Rg2 Bh6 32.Bxe6+ Kh8 33.Qc3 Qc7 34.c6 Bxc6 35.Bd5 Rc8 36.Bxc6 Qe7
37.Kf1 Qf7 38.Rg4 Qe7 39.Rg2 Qf7 40.Re2 Qg6  1-0

[Event "CZE-chT"]
[Site "?"]
[Date "1994.??.??"]
[Round "?"]
[White "Firt, Stanislav"]
[Black "Jakubiec, Artur"]
[Result "1/2-1/2"]
[WhiteElo "2380"]
[BlackElo "2375"]

1.e4 c5 2.Nf3 d6 3.d4 Nf6 4.Nc3 cxd4 5.Nxd4 a6 6.Be3 e5 7.Nf3 Qc7 8.a4 Be7
9.a5 O-O 10.Be2 Be6 11.Ng5 Bd7 12.O-O h6 13.Nf3 Bc6 14.Qd3 Nbd7 15.Nh4 Nxe4
16.Nxe4 Bxh4 17.Nxd6 Rad8 18.Rfd1 e4 19.Qb3 Bg5 20.Bxg5 hxg5 21.Qg3 Nf6 22.Nxe4 Rxd1+
23.Rxd1 Qxa5 24.Qxg5 Qxg5 25.Nxg5 Rc8 26.c3 Nd7 27.Bg4 Re8 28.Bxd7 Bxd7 29.f3 Bc6
30.Rd4 a5 31.Kf2 Kf8 32.h4 Re5 33.c4 a4 34.Ne4 b5 35.Nd2 b4 36.Rd8+ Re8 37.Rxe8+ Kxe8
38.Ke3 a3 39.bxa3 bxa3 40.Kd4 a2 41.Nb3 Ba4 42.Na1 Kd7 43.Kc5 Bd1 44.Kb6 Be2
45.c5 Bf1 46.c6+ Kc8 47.g3 Bg2 48.f4 Bf3 49.Nb3 Bd1 50.Na1 Bf3 51.Nb3 Bd1
52.Na1 Bf3  1/2-1/2

[Event "Dresden op"]
[Site "Dresden"]
[Date "1994.??.??"]
[Round "?"]
[White "Guliev, Logman"]
[Black "Mowsziszian, Karen"]
[Result "1-0"]
[WhiteElo "2255"]
[BlackElo "2525"]

1.e4 c5 2.Nf3 d6 3.d4 cxd4 4.Nxd4 Nf6 5.Nc3 a6 6.Be3 e5 7.Nf3 Qc7 8.a4 h6
9.a5 Be6 10.Nd5 Bxd5 11.exd5 Nbd7 12.Be2 Be7 13.O-O O-O 14.c4 Nh7 15.Nd2 Bg5
16.Bxg5 hxg5 17.b4 f5 18.f3 Rf6 19.Nb3 Rh6 20.Rc1 b6 21.Qd2 bxa5 22.Nxa5 Qb6+
23.Kh1 Rb8 24.Qc3 e4 25.c5 Qc7 26.c6 Ndf6 27.Rfe1 f4 28.Qc4 Qb6 29.Rf1 Nh5
30.h3 Ng3+ 31.Kh2 Nxf1+ 32.Rxf1 g4 33.Qxa6 Qe3 34.c7 Re8 35.Nc6 exf3 36.Bxf3 gxh3
37.gxh3 Nf6 38.Qa2 Qd3 39.Qf2 Re2 40.c8=Q+ Ne8 41.Ne7+  1-0

[Event "Dresden op"]
[Site "Dresden"]
[Date "1994.??.??"]
[Round "?"]
[White "Ciornei, Dragos"]
[Black "Mowsziszian, Karen"]
[Result "0-1"]
[WhiteElo "2215"]
[BlackElo "2525"]

1.e4 c5 2.Nf3 d6 3.d4 cxd4 4.Nxd4 Nf6 5.Nc3 a6 6.Be3 e5 7.Nb3 Be7 8.f3 Be6
9.Qd2 Nbd7 10.g4 b5 11.g5 Nh5 12.Nd5 Bxd5 13.Qxd5 O-O 14.Rg1 Rc8 15.O-O-O Nb6
16.Qd2 Nc4 17.Qf2 Nxe3 18.Qxe3 Nf4 19.h4 Qc7 20.Bd3 a5 21.Kb1 a4 22.Nc1 a3
23.Ne2 Ne6 24.h5 axb2 25.g6 Qa5 26.gxh7+ Kh8 27.Qd2 b4 28.Kxb2 Nc5 29.Rg4 Na4+
30.Ka1 Nc3 31.Nxc3 bxc3 32.Qg2 Bf6 33.Rg1 Qa3 34.Rb1 Rb8 35.Qf1 Rb2 36.Bc4 Rc8  0-1

[Event "Eger"]
[Site "Eger"]
[Date "1994.??.??"]
[Round "10"]
[White "Feher, Gyula"]
[Black "Borne, Niels"]
[Result "0-1"]
[WhiteElo "2410"]
[BlackElo "2290"]

1.e4 c5 2.Nf3 d6 3.d4 cxd4 4.Nxd4 Nf6 5.Nc3 a6 6.Be3 e5 7.Nb3 Be7 8.f3 Be6
9.Qd2 O-O 10.O-O-O a5 11.a4 Nc6 12.g4 Nb4 13.g5 Nd7 14.Kb1 Nb6 15.f4 Nc4
16.Bxc4 Bxc4 17.f5 b5 18.f6 gxf6 19.gxf6 Bxf6 20.Bh6 Re8 21.Nxb5 d5 22.exd5 Bxd5
23.Qf2 Kh8 24.Nc3 Bh4 25.Qe3 Bxh1 26.Rxd8 Raxd8 27.Qg1 Rg8 28.Qxh1 Rd6 29.Be3 f5
30.Nxa5 f4 31.Bc5 Rdg6 32.Ne2 Nxc2 33.Kxc2 Rg2 34.Qf1 Rxh2 35.Nb3 Rgg2 36.Nc1 Bf2
37.Qd1 f3 38.Qd8+ Kg7 39.Qe7+  0-1

[Event "RUS-ch"]
[Site "Elista"]
[Date "1994.??.??"]
[Round "2"]
[White "Akhmadeev, Vadim"]
[Black "Vaulin, Alexander"]
[Result "1-0"]
[WhiteElo "2395"]
[BlackElo "2550"]

1.e4 c5 2.Nf3 d6 3.d4 cxd4 4.Nxd4 Nf6 5.Nc3 a6 6.Be3 e5 7.Nb3 Be7 8.Be2 Be6
9.O-O Nbd7 10.a4 Rc8 11.a5 Rxc3 12.bxc3 Nxe4 13.c4 Nc3 14.Qd3 Nxe2+ 15.Qxe2 Qc7
16.Nd2 O-O 17.Rfb1 f5 18.f3 Rc8 19.Qd3 Nc5 20.Qe2 Qd7 21.Kh1 h6 22.Rb4 d5
23.cxd5 Qxd5 24.Nc4 Rd8 25.Nb6 Qc6 26.Rbb1 f4 27.Bf2 e4 28.Bxc5 exf3 29.Qxf3 Qxf3
30.gxf3 Bxc5 31.Rd1 Bxb6 32.axb6 Rc8 33.Rd2 Bh3 34.Kg1 Rc6 35.Rxa6 Bf5 36.Ra4 g5
37.Rb4 Kf7 38.c4 Ke7 39.Kf2 Be6 40.Rd4 Rc5 41.Rb5 Rxc4 42.Rxc4 Bxc4 43.Rc5 Ba6
44.h4 Kd6 45.Rc7 gxh4 46.Kg2 h5 47.Kh3 Be2 48.Rxb7 Kc6 49.Re7 Bf1+ 50.Kxh4 Kxb6
51.Kxh5 Kc6 52.Kg5 Kd6 53.Re1 Bc4 54.Kxf4 Be6 55.Kg5  1-0

[Event "RUS-ch"]
[Site "Elista"]
[Date "1994.??.??"]
[Round "4"]
[White "Akhmadeev, Vadim"]
[Black "Rashkovsky, Nukhim N"]
[Result "0-1"]
[WhiteElo "2395"]
[BlackElo "2510"]

1.e4 c5 2.Nf3 d6 3.d4 cxd4 4.Nxd4 Nf6 5.Nc3 a6 6.Be3 e5 7.Nb3 Be7 8.Qd2 O-O
9.f3 Be6 10.O-O-O a5 11.Kb1 Nbd7 12.g4 Nb6 13.g5 Nh5 14.Nb5 d5 15.c3 dxe4
16.Qc1 Nd7 17.fxe4 Qc8 18.Nd6 Bxd6 19.Rxd6 a4 20.Na1 Nc5 21.Bg2 Nf4 22.Bxf4 exf4
23.a3 Ra6 24.Rd4 Bh3 25.Bxh3 Qxh3 26.Qxf4 Ne6 27.Qd2 Nxd4 28.cxd4 Re6 29.Re1 Rfe8
30.e5 Qf5+ 31.Ka2 Rc8 32.Qb4 Qxg5 33.Qxa4 Qg2 34.Qb5 Ree8 35.d5 Red8 36.d6 Qd2
37.Re2 Qh6 38.Qxb7 Qe6+ 39.Qb3 Rxd6 40.exd6 Qxe2 41.d7 Rd8 42.Nc2 Qe7 43.Nb4 Qxd7
44.a4 Ra8 45.Ka3 h5 46.Qc2 Rc8 47.Qe4 Re8 48.Qc4 Qh3+ 49.b3 Qxh2 50.a5 h4
51.Qc6 Qb8 52.Qh1 Qb5 53.Qxh4 Qxa5+ 54.Kb2 Qe5+ 55.Kc2 Rc8+ 56.Kb1 Qc3  0-1

[Event "Finkenstein op"]
[Site "Finkenstein"]
[Date "1994.??.??"]
[Round "?"]
[White "Arztmann, Wolfgang"]
[Black "Kos, Toni"]
[Result "0-1"]
[WhiteElo "1955"]
[BlackElo "2220"]

1.e4 c5 2.Nf3 d6 3.d4 cxd4 4.Nxd4 Nf6 5.Nc3 a6 6.Be3 e5 7.Nf3 Be6 8.Ng5 Qc7
9.Nxe6 fxe6 10.Be2 Be7 11.Bh5+ g6 12.Bf3 Nbd7 13.Qd2 b5 14.a3 Nb6 15.Bxb6 Qxb6
16.O-O O-O 17.Rfd1 Rac8 18.Qd3 Kg7 19.h4 h5 20.Rd2 Nd7 21.g3 Rf7 22.Bg2 Nc5
23.Qe2 b4 24.Nd1 bxa3 25.Rxa3 Rcf8 26.Qc4 a5 27.Bh3 Qb4 28.Qxb4 axb4 29.Re3 g5
30.g4 hxg4 31.Bxg4 gxh4 32.Bh5 Rf4 33.f3 Rd8 34.Nf2 Bg5 35.Ree2 Rff8 36.Rd1 Bf4
37.Bg4 Kf7 38.Nd3 Nxd3 39.Rxd3 Ke7 40.Rb3 Rb8 41.c3 bxc3 42.Rxc3 Rfc8 43.Rec2 Rxc3
44.bxc3 d5 45.exd5 exd5 46.c4 d4 47.Bf5 Kf6 48.Be4 h3 49.Ra2 Rb3 50.Ra6+ Kg5
51.Rg6+ Kh5 52.Rg8 h2+ 53.Kh1 d3 54.Rh8+ Kg5  0-1

[Event "Garmisch"]
[Site "Garmisch"]
[Date "1994.??.??"]
[Round "15"]
[White "Brunner, Lucas"]
[Black "Landenbergue, Claude"]
[Result "1/2-1/2"]
[WhiteElo "2525"]
[BlackElo "2450"]

1.e4 c5 2.Nf3 d6 3.d4 cxd4 4.Nxd4 Nf6 5.Nc3 a6 6.Be3 e5 7.Nb3 Be6 8.Qd2 Be7
9.f3 Nbd7 10.g4 Nb6 11.O-O-O Rc8 12.Kb1 Qc7 13.h4 Nc4 14.Bxc4 Bxc4 15.h5 h6
16.Rh2 b5  1/2-1/2

[Event "Gausdal Int"]
[Site "Gausdal"]
[Date "1994.??.??"]
[Round "2"]
[White "Thorhallsson, Throstur"]
[Black "Sadler, Matthew"]
[Result "0-1"]
[WhiteElo "2460"]
[BlackElo "2560"]

1.e4 c5 2.Nf3 d6 3.d4 cxd4 4.Nxd4 Nf6 5.Nc3 a6 6.Be3 e5 7.Nb3 Be6 8.Qd2 Nbd7
9.f3 b5 10.a4 b4 11.Nd5 Bxd5 12.exd5 Nb6 13.Bxb6 Qxb6 14.a5 Qb7 15.Bc4 Be7
16.Ra4 Rb8 17.Qd3 Ra8 18.Qd2 Rb8 19.Qd3 e4 20.fxe4 Ng4 21.Qe2 Qd7 22.Ra2 Bf6
23.O-O Be5 24.h3 Qa7+ 25.Kh1 Ne3 26.Rf3 Nxc4 27.Qxc4 O-O 28.Qd3 Rfc8 29.Nd2 Qc7
30.c4 bxc3 31.bxc3 Rb5 32.c4 Rxa5 33.Rxa5 Qxa5 34.Rf1 Qc5 35.Nf3 Bf6 36.Rc1 h6
37.Qb3 a5 38.Rc2 Qb4 39.Qxb4 axb4 40.e5 Bxe5 41.Nxe5 dxe5 42.d6 Kf8 43.Rd2 Ra8
44.Rb2 Ra4 45.c5 Ke8 46.c6 Kd8 47.Kh2 Ra6 48.Rxb4 Rxc6 49.Rb7 Rxd6 50.Rxf7 Rd7
51.Rf5 Re7 52.Kg3 Kd7 53.Kf3 Kd6 54.Rf8 Ra7 55.Re8 Re7 56.Ra8 Rf7+ 57.Ke3 Ke6
58.Ra6+ Kd5 59.Ra5+ Ke6 60.Ra6+ Kf5 61.Kf3 h5 62.g3 Rb7 63.Ra3 Rb4 64.Ra7 Rb3+
65.Kf2 g5 66.Rf7+ Ke4 67.Rg7 Rb2+ 68.Kg1 Rb1+ 69.Kf2 Rb2+ 70.Kg1 Kf3 71.Rxg5 Rb1+
72.Kh2 Rb2+ 73.Kg1 Rb1+ 74.Kh2 e4 75.Rf5+ Ke2 76.Rxh5 e3 77.Rh8 Ke1 78.h4 e2
79.Kh3 Rb3 80.Re8 Kf2 81.Rxe2+ Kxe2 82.Kg4 Rb4+ 83.Kf5 Kf3 84.h5 Rb5+ 85.Kg6 Kg4
86.h6 Rb6+ 87.Kg7 Kg5 88.h7 Rb7+ 89.Kg8 Kg6 90.h8=N+ Kf6 91.g4 Rb5 92.Kh7 Rg5
93.Kh6 Rxg4 94.Kh5  0-1

[Event "Peer Gynt"]
[Site "Gausdal"]
[Date "1994.??.??"]
[Round "2"]
[White "Ernst, Thomas"]
[Black "Gunnarsson, A."]
[Result "1-0"]
[WhiteElo "2485"]
[BlackElo "2040"]

1.e4 c5 2.Nf3 d6 3.d4 cxd4 4.Nxd4 Nf6 5.Nc3 a6 6.Be3 e6 7.Be2 Nc6 8.O-O Be7
9.a4 Bd7 10.f4 O-O 11.Nb3 Na5 12.Nd2 Qc7 13.Bd3 Rfb8 14.Kh1 b5 15.e5 Ne8
16.Nce4 Nc4 17.Bxc4 bxc4 18.Bd4 d5 19.Ng5 g6 20.Qe1 h6 21.Ngf3 Ng7 22.g4 Bc5
23.Qh4 h5 24.Rg1 Bxd4 25.Nxd4 Qd8 26.Qh3 Kf8 27.gxh5 Nxh5 28.Rg5 Qb6 29.N2f3 Ke8
30.Qh4 Qxb2 31.Rag1 Bxa4 32.f5 exf5 33.Rxh5 gxh5 34.Qf6 Rd8 35.Rg8+ Kd7 36.Qd6+ Kc8
37.Qxd8+  1-0

[Event "Gausdal Int"]
[Site "Gausdal"]
[Date "1994.??.??"]
[Round "4"]
[White "Steingrimsson, Hedinn"]
[Black "Kristensen, Bjarke"]
[Result "1-0"]
[WhiteElo "2410"]
[BlackElo "2440"]

1.e4 c5 2.Nf3 d6 3.d4 cxd4 4.Nxd4 Nf6 5.Nc3 a6 6.Be3 Nc6 7.Qd2 Ng4 8.Bg5 h6
9.Bh4 g5 10.Bg3 Bg7 11.Nb3 Nge5 12.f3 Ng6 13.Bf2 e6 14.a4 Be5 15.a5 Qf6 16.Na4 O-O
17.c3 Bd7 18.Nb6 Rad8 19.O-O-O Bc8 20.Kb1 Rfe8 21.Ka1 d5 22.exd5 exd5 23.Nxc8 Rxc8
24.Bd3 Nf4 25.h4 g4 26.Bc2 d4 27.Nxd4 Nxa5 28.fxg4 Nc4 29.Qc1 Nd5 30.Rhf1 Qb6
31.Nb3 Qb5 32.Rxd5 Qxd5 33.Qxh6 Bg7 34.Qh7+ Kf8 35.h5 Qxg2 36.Bd3 Nxb2 37.h6 Bf6
38.Bc5+ Rxc5 39.Rxf6 Qd5 40.Qg7+ Ke7  1-0

[Event "Gausdal Int"]
[Site "Gausdal"]
[Date "1994.??.??"]
[Round "6"]
[White "Kotronias, Vasilios"]
[Black "Thorhallsson, Throstur"]
[Result "1-0"]
[WhiteElo "2545"]
[BlackElo "2460"]

1.e4 c5 2.Nf3 d6 3.d4 cxd4 4.Nxd4 Nf6 5.Nc3 a6 6.Be3 e6 7.g4 e5 8.Nf5 g6
9.g5 gxf5 10.exf5 d5 11.gxf6 d4 12.Bc4 Qxf6 13.Ne4 Qxf5 14.Bd3 Qe6 15.Bg5 Nd7
16.Qh5 b6 17.f4 Bb7 18.f5 Qd5 19.Kf2 Rc8 20.Rhg1 h6 21.Rae1 Rg8 22.Bh4 Rxg1
23.Kxg1 Rc6 24.b3 b5 25.Qf3 Rb6 26.Re2 a5 27.Rg2 Nc5 28.Bxb5+ Nd7 29.Nf6+ Rxf6
30.Qxd5 Bxd5 31.Bxf6 Bxg2 32.Kxg2  1-0

[Event "Gausdal Int"]
[Site "Gausdal"]
[Date "1994.??.??"]
[Round "8"]
[White "Ciemniak, Robert"]
[Black "Nordahl, Helge"]
[Result "1-0"]
[WhiteElo "2435"]
[BlackElo "2245"]

1.e4 c5 2.Nf3 d6 3.d4 cxd4 4.Nxd4 Nf6 5.Nc3 a6 6.Be3 e5 7.Nb3 Be7 8.f3 Be6
9.Qd2 O-O 10.O-O-O a5 11.a4 Nc6 12.g4 Nb4 13.Kb1 Nd7 14.Qf2 Rc8 15.h4 d5
16.exd5 Rxc3 17.dxe6 Rxc2 18.Rxd7 Rxf2 19.exf7+ Kxf7 20.Bc4+ Kf6 21.Rxd8  1-0

[Event "Peer Gynt"]
[Site "Gausdal"]
[Date "1994.??.??"]
[Round "9"]
[White "Djurhuus, Rune"]
[Black "Sadler, Matthew"]
[Result "1/2-1/2"]
[WhiteElo "2470"]
[BlackElo "2560"]

1.e4 c5 2.Nf3 d6 3.d4 cxd4 4.Nxd4 Nf6 5.Nc3 a6 6.Be3 e5 7.Nb3 Be6 8.Qd2 Nbd7
9.f3 b5 10.a4 b4 11.Nd5 Bxd5 12.exd5 Nb6 13.Bxb6 Qxb6 14.a5 Qb7 15.Bc4 Be7
16.Ra4 Rb8 17.Qd3 Ra8 18.Qd2 Rb8 19.Nc1 Bd8 20.Kd1 Bxa5 21.Rxa5 Qc7 22.Rxa6 Qxc4
23.Rxd6 O-O 24.Re1 Rfc8 25.Rc6 Rxc6 26.dxc6 Qxc6 27.Rxe5 h6 28.Nb3 Qc4 29.h3 Rc8
30.Qe2 Qf4 31.Re3 Rd8+ 32.Nd2 Ra8 33.Nb3 Rd8+ 34.Ke1 Qh2 35.Kf2 Rd5 36.Nc1 Rg5
37.Qf1 Qg3+ 38.Kg1 Qxh3 39.Nd3 Qd7 40.Qf2 Qd6 41.b3 Rh5 42.Re1 Kh7 43.Re2 Kg8
44.Re1 Kh7 45.Qe3 Qh2+ 46.Kf1 Qg3 47.Qf2 Qd6 48.Kg1 Qh2+ 49.Kf1 Qd6 50.Kg1 Qh2+
51.Kf1 Rg5 52.g4 Qd6 53.Qe3 Qh2 54.Qf2 Qd6 55.Qe3 Qh2 56.Qf2 Qd6  1/2-1/2

[Event "Geneve op"]
[Site "Geneve"]
[Date "1994.??.??"]
[Round "6"]
[White "Arikok, Enis"]
[Black "Vegh, Jean Pierre"]
[Result "1/2-1/2"]
[WhiteElo "2200"]
[BlackElo "2145"]

1.e4 c5 2.Nf3 d6 3.d4 cxd4 4.Nxd4 Nf6 5.Nc3 a6 6.Be3 e5 7.Nb3 Be7 8.f3 Be6
9.Nd5 Nbd7 10.c4 O-O 11.Qd2 Rc8 12.Be2 Ne8 13.O-O f5 14.exf5 Rxf5 15.Bd3 Rf7
16.Rac1 Nef6 17.Rfd1 g6 18.Bb1 Bf8 19.Bg5  1/2-1/2

[Event "Oberliga Nord N9394"]
[Site "Germany"]
[Date "1994.??.??"]
[Round "?"]
[White "Zieher, Hartmut"]
[Black "Schurade, Matthias"]
[Result "1/2-1/2"]
[WhiteElo "2225"]
[BlackElo "2360"]

1.e4 c5 2.Nf3 d6 3.d4 cxd4 4.Nxd4 Nf6 5.Nc3 a6 6.Be3 e5 7.Nb3 Be7 8.Be2 Be6
9.f4 exf4 10.Bxf4 Nc6 11.Qd2 d5 12.exd5 Nxd5 13.Nxd5 Qxd5 14.Qxd5 Bxd5 15.O-O O-O
16.Rad1 Be6 17.Bf3 Rac8 18.Bd6 Bxd6 19.Rxd6 Ne5 20.Bxb7 Rxc2 21.Nd4 Rxb2
22.Nxe6 fxe6 23.Rxe6 Rxf1+ 24.Kxf1  1/2-1/2

[Event "BL2-S9394"]
[Site "Germany"]
[Date "1994.??.??"]
[Round "?"]
[White "Werner, Marc"]
[Black "Schmidt, Gerhardt"]
[Result "1-0"]
[WhiteElo "2335"]
[BlackElo "2255"]

1.e4 c5 2.Nf3 d6 3.d4 cxd4 4.Nxd4 Nf6 5.Nc3 a6 6.Be3 e5 7.Nb3 Nbd7 8.f3 Be7
9.g4 O-O 10.g5 Ne8 11.Qd2 Nc7 12.O-O-O Nc5 13.h4 Be6 14.Nxc5 dxc5 15.Qh2 Qe8
16.Qxe5 Nb5 17.Nd5 Bxd5 18.Rxd5 Nd4 19.Bxd4 cxd4 20.Bd3 b6 21.Rxd4 Ra7 22.Kb1 Qc8
23.h5 Bc5 24.Rd5 Re8 25.Qg3 Rd8 26.Bc4 Be7 27.Rhd1 Rf8 28.Bb3 Kh8 29.h6 g6
30.Qe5+ f6 31.gxf6 Bxf6 32.Qxf6+ Rxf6 33.Rd8+ Rf8 34.Rxc8 Rxc8 35.Rd6 Rb8
36.Bd5 Rc7 37.c4 Rcc8 38.b4 Rd8 39.e5 a5 40.a3 axb4 41.axb4 Re8 42.f4 g5
43.Bf7 Re7 44.e6 gxf4 45.Kc2 f3 46.Kd3 b5 47.c5 f2 48.Ke2 Ra8 49.Rd7 Ra2+
50.Kf1 Ra1+ 51.Kxf2 Rxd7 52.exd7 Rf1+ 53.Ke3 Re1+ 54.Kd4 Rd1+ 55.Ke5 Rxd7
56.Bd5 Ra7 57.c6 Ra1 58.Be4 Kg8 59.c7 Rc1 60.Kd6 Kf7 61.Bc6  1-0

[Event "BL9394 (Women)"]
[Site "Germany"]
[Date "1994.??.??"]
[Round "?"]
[White "Ankerst, Milka"]
[Black "Burchardt, Brigitte"]
[Result "0-1"]
[WhiteElo "2140"]
[BlackElo "2265"]

1.e4 c5 2.Nf3 d6 3.d4 cxd4 4.Nxd4 Nf6 5.Nc3 a6 6.Be3 e5 7.Nf3 Qc7 8.a4 h6
9.a5 Be6 10.Be2 Nbd7 11.O-O Be7 12.Nd2 d5 13.exd5 Nxd5 14.Nxd5 Bxd5 15.b3 O-O
16.Nc4 Be6 17.Kh1 Rad8 18.Qe1 f5 19.f4 e4 20.Qf2 Kh7 21.Rfd1 Bf6 22.Bd4 Bxd4
23.Rxd4 Nf6 24.Rad1 Rxd4 25.Qxd4 Qxf4 26.Nd6 Rd8 27.g3 Qg5 28.Nf7 Bxf7 29.Qxd8 Bh5
30.Qd2 e3 31.Qe1 Ne4 32.Rd7 f4 33.Bd3 Bg6 34.Bxe4 Bxe4+ 35.Kg1 f3 36.Qc3 f2+
37.Kf1 Bf5 38.Rd1 Qh5 39.Qxe3 Qxd1+ 40.Kxf2 Qxc2+  0-1